[Event "EU-ch 15th"]
[Site "Yerevan"]
[Date "2014.03.11"]
[Round "8"]
[White "Tutisani, Noe"]
[Black "Nersisyan, Garnik"]
[Result "1/2-1/2"]
[WhiteElo "2137"]
[BlackElo "2063"]
[PlyCount "144"]
[EventDate "2014.03.03"]
[EventType "swiss"]
[EventRounds "11"]
[EventCountry "ARM"]
[SourceTitle "CBM 160"]
[Source "ChessBase"]
[SourceDate "2014.05.15"]
[SourceVersion "1"]
[SourceVersionDate "2014.05.15"]
[SourceQuality "1"]

1. e4 e6 2. f4 d5 3. e5 c5 4. Nf3 f5 5. exf6 Nxf6 6. c3 Nc6 7. d4 Bd6 8. Bd3 Qb6 9. Na3 0-0 10. Nc2 c4 11. Be2 Ne4 12. g3 Bd7 13. Ne3 Ne7 14. Qc2 Qc7 15. 0-0 Be8 16. Nxc4 Nxg3 17. hxg3 dxc4 18. Qe4 Rf6 19. Ne5 Nf5 20. Kf2 Rh6 21. Rg1 Bxe5 22. Qxe5 Rh2+ 23. Rg2 Rxg2+ 24. Kxg2 Bc6+ 25. Kf2 Qxe5 26. dxe5 Bd5 27. Bd2 g6 28. Rb1 Rd8 29. Rd1 h5 30. Be3 Nxe3 31. Kxe3 Rc8 32. Bf3 Bxf3 33. Kxf3 Rc7 34. Ke4 Kf7 35. Rd8 b5 36. Rb8 a6 37. Rh8 Rd7 38. Ra8 Rd2 39. Ra7+ Kf8 40. Rxa6 Rxb2 41. Rxe6 Kf7 42. Rf6+ Kg7 43. f5 gxf5+ 44. Rxf5 Rxa2 45. e6 Re2+ 46. Kd5 Re3 47. Rf7+ Kg8 48. Rf4 Kg7 49. Rf7+ Kg8 50. Rf5 Kg7 51. Kd4 Rxe6 52. Rxh5 Rg6 53. Rxb5 Rg4+ 54. Kc5 Kf6 55. Rb1 Ke6 56. Rd1 Rxg3 57. Kxc4 Rg8 58. Rd4 Rb8 59. Kd3 Rb1 60. Kc2 Rb6 61. c4 Rd6 62. Rh4 Kd7 63. Kc3 Kc6 64. Kb4 Rg6 65. Rh5 Rf6 66. Rc5+ Kb6 67. Rb5+ Kc6 68. Ra5 Kb6 69. c5+ Kb7 70. Kb5 Rf1 71. c6+ Kc8 72. Kb6 Rb1+ 1/2-1/2

[Event "EU-ch 15th"]
[Site "Yerevan"]
[Date "2014.03.08"]
[Round "6"]
[White "Mikaelyan, Arman"]
[Black "Nersisyan, Garnik"]
[Result "1/2-1/2"]
[WhiteElo "2291"]
[BlackElo "2063"]
[PlyCount "94"]
[EventDate "2014.03.03"]
[EventType "swiss"]
[EventRounds "11"]
[EventCountry "ARM"]
[SourceTitle "CBM 160"]
[Source "ChessBase"]
[SourceDate "2014.05.15"]
[SourceVersion "1"]
[SourceVersionDate "2014.05.15"]
[SourceQuality "1"]

1. Nf3 d5 2. g3 g6 3. Bg2 Bg7 4. c4 dxc4 5. 0-0 Nf6 6. Qa4+ c6 7. Qxc4 0-0 8. Nc3 Qa5 9. d4 Nd5 10. Qb3 Nd7 11. e4 Nxc3 12. bxc3 e5 13. Ba3 c5 14. Rfd1 h6 15. Bf1 a6 16. Rac1 Qc7 17. Nh4 Kh7 18. Rb1 Bf6 19. dxc5 Nxc5 20. Qb6 Qxb6 21. Rxb6 Bxh4 22. Bxc5 Bd8 23. Rxg6 Kxg6 24. Bxf8 Be6 25. a3 Rc8 26. Bd6 f6 27. c4 Bxc4 28. Bh3 Ra8 29. Bf8 Kf7 30. Bxh6 Be7 31. Rd7 Rh8 32. Be3 Rd8 33. Rxd8 Bxd8 34. Bc8 b6 35. h4 a5 36. Bd7 b5 37. Kg2 Be7 38. Bc1 b4 39. axb4 axb4 40. h5 b3 41. h6 Bb4 42. Be8+ Kg8 43. Bg6 Kh8 44. h7 Bc3 45. Ba3 Bg8 46. hxg8Q+ Kxg8 47. Bf5 Kf7 1/2-1/2

[Event "EU-ch 15th"]
[Site "Yerevan"]
[Date "2014.03.04"]
[Round "2"]
[White "Aleksandrov, Aleksej"]
[Black "Nersisyan, Garnik"]
[Result "1-0"]
[WhiteElo "2544"]
[BlackElo "2063"]
[PlyCount "77"]
[EventDate "2014.03.03"]
[EventType "swiss"]
[EventRounds "11"]
[EventCountry "ARM"]
[SourceTitle "CBM 160"]
[Source "ChessBase"]
[SourceDate "2014.05.15"]
[SourceVersion "1"]
[SourceVersionDate "2014.05.15"]
[SourceQuality "1"]

1. d4 d5 2. c4 e6 3. Nc3 Nf6 4. cxd5 exd5 5. Bg5 c6 6. Qc2 Be7 7. e3 Nh5 8. Bxe7 Qxe7 9. Nxd5 Qd6 10. Nc3 0-0 11. Be2 Nf6 12. Nf3 Bg4 13. Rd1 Nbd7 14. e4 Bxf3 15. Bxf3 Qe7 16. e5 Nb6 17. a4 Rad8 18. a5 Nbd5 19. 0-0 Ne8 20. Nxd5 cxd5 21. Qb3 Qd7 22. Rc1 g5 23. Rc5 Nc7 24. Qxb7 Ne6 25. Qxd7 Rxd7 26. Rxd5 Rxd5 27. Bxd5 Nxd4 28. Rd1 Ne2+ 29. Kf1 Nf4 30. Bc4 Rc8 31. b3 Rc7 32. g3 Ng6 33. e6 fxe6 34. Bxe6+ Kf8 35. Rd7 Rc1+ 36. Kg2 h5 37. Rf7+ Ke8 38. Rg7 Nf8 39. Bf7+ 1-0